| 000 | 00436nam a22001697a 4500 | ||
|---|---|---|---|
| 003 | OSt | ||
| 005 | 20230728123237.0 | ||
| 008 | 130906t xxu||||| |||| 00| 0 eng d | ||
| 020 | _a0-7432-1938-4 | ||
| 050 |
_aE 838.5 _b.R432 2001 |
||
| 245 |
_aReagan in his own hand _cSkinner, Kiron K. |
||
| 260 |
_aNew York _bTouchstone _cC2001 |
||
| 300 |
_a550pp. _c23cm. |
||
| 650 |
_aRecipes _xSeafood _916888 |
||
| 942 |
_2lcc _cBK |
||
| 999 |
_c10533 _d10533 |
||